Il celeste tesoro delle sante indulgenze: secondo il diritto canonico e i decreti delle sacre congregazioni
Gardado en:
| Autor Principal: | |
|---|---|
| Formato: | Libro |
| Idioma: | Lingua italiana |
| Publicado: |
Cagliari
Stab
1930
|
| Subjects: | |
| Tags: |
Engadir etiqueta
Sen Etiquetas, Sexa o primeiro en etiquetar este rexistro!
|
MARC
| LEADER | 00000nam a2200000 a 4500 | ||
|---|---|---|---|
| 001 | UCG2070 | ||
| 003 | CL-VaPUC | ||
| 008 | 100610e19300000IT |||||||||||||||||ita|d | ||
| 082 | 0 | 4 | |a 265.66 |b RIA |2 21 |
| 100 | 0 | |a Riano, Giorgio da |e author |9 550333 | |
| 245 | 1 | 3 | |a Il celeste tesoro delle sante indulgenze: secondo il diritto canonico e i decreti delle sacre congregazioni |
| 300 | |a 324 p | ||
| 942 | |c BK | ||
| 945 | |d 20100610 00:00:00 |a dcastane | ||
| 260 | |a Cagliari |b Stab |c 1930 | ||
| 650 | 7 | |a DERECHO CANONICO |2 CL-VaPUC |9 550334 | |
| 650 | 7 | |a INDULGENCIAS |2 CL-VaPUC |9 259278 | |
| 650 | 7 | |a SAGRADAS CONGREGACIONES |2 CL-VaPUC |9 550335 | |
| 650 | 7 | |a DECRETOS DE LAS SAGRADAS CONGREGACIONES |2 CL-VaPUC |9 550336 | |
| 583 | |a last modification |c 20100610 00:00:00 |k Rodrigo Vera | ||
| 999 | |c 341310 |d 341308 | ||
| 952 | |0 0 |1 0 |4 0 |6 265_660000000000000_RIA_1930 |7 0 |8 P |9 436691 |a BIBDER |b BIBDER |d 2019-11-22 |i 4683943 |o 265.66 RIA 1930 |p 4683943 |r 2023-01-25 |w 2019-11-22 |y BK |k DER | ||